000 00514nam a2200193Ia 4500
003 OSt
005 20260303122524.0
008 210210b1961 xxu||||| |||| 00| 0 eng d
040 _cAL
041 _aHindi
082 _a861/172
100 _aSINHA (Ramdhari)
_dरामधारी सिंह 'दिनकर'
_9256669
245 _aUrvashi
_bउर्वशी
260 _aPaTnA
_bUdayachal
_c1961
650 _aUrvashi
_9256670
690 _aHindi Poetry
_9256671
906 _a023192
942 _2ddc
_cBK
999 _c148117
_d148117